000 00482nam a2200181Ia 4500
005 20250326124856.0
008 250326s9999 xx 000 0 und d
037 _aTextbook
040 _aFMSL
_beng
_cFMSL
041 _aeng
_2eng
084 _aX:8D L05
_qFMSL
100 _aStone B K
_9738149
245 0 _aRisk, return, and equilibrium
_cStone B K
260 _aLondon
_bLondon, MIT
_c1970
300 _a150p
942 _cTB
_hX:8D L05
999 _c1275597
_d1275597